| 000 | 01319nam0a22003611 4500 | ||
|---|---|---|---|
| 001 | RU\NLR\bibl\831854 | ||
| 005 | 20260405144144.0 | ||
| 010 |
_a5-9524-1592-X _95000 |
||
| 021 |
_aRU _b2005-39482 _91965 |
||
| 035 | _a(NLR Aleph) 000820722 | ||
| 090 |
_a1299408 _c1299408 |
||
| 100 | _a20050817d2005 |||y0rusy50 ca | ||
| 101 | 1 |
_arus _ceng |
|
| 102 | _aRU | ||
| 105 | _aa ||||||||| | ||
| 200 | 1 |
_aГарем _dThe Harem _eистория, традиции, тайны _fНорман Пензер _g[пер. с англ. О.И. Миловой] _zeng |
|
| 210 |
_aМосква _cЦентрполиграф _d2005 |
||
| 215 |
_a301, [2] c., [8] л. ил. _d21 |
||
| 300 | _aАвт. также на англ. яз.: N.M. Penzer | ||
| 510 | 0 |
_6z55790 _aThe Harem _zeng |
|
| 606 | 1 |
_aГаремы _yТурция _92179685 _3RU\NLR\AUTH\661310836 |
|
| 686 | _aТ3(5)0-275 | ||
| 686 | _aТ52(53Ту)-519 | ||
| 700 | 1 |
_4070 _8rus _7ca _aПензер _bН. _f1892- _gНорман _3RU\NLR\auth\7759799 _942730 |
|
| 790 | 1 |
_4070 _8eng _7ba _aPenzer _bN. M. _f1892- _gNornan Mosley _3RU\NLR\auth\7759800 _942731 |
|
| 801 | 0 |
_aRU _bNLR _c20050817 _grcr |
|
| 801 | 1 |
_aRU _bNLR _c20050817 |
|
| 852 |
_aNLR _bОЛСАА-сл-спр _j3-4191 |
||
| 942 | _cBOOK | ||
| 980 | _aNB | ||
| 980 | 1 | _aSL_SPR | |